European Geography A-Z - Statistics

General Stats
  • This quiz has been taken 78 times
  • The average score is 19 of 26
Answer Stats
Hint Answer % Correct
B Sea bordering to Germany, Denmark, Russia... Baltic Sea
97%
E Northernmost country of the baltics Estonia
97%
H Capital of Finland Helsinki
97%
A Major mountain range in the center of Europe Alps
94%
D Longest river in Europe Danube
94%
M Second smallest country of the world Monaco
94%
L Third biggest City in Europe by population London
92%
C Major French Island in the Mediterranean Sea Corsica
88%
G European country with the most neighbours Germany
88%
W Capital of Poland Warsaw
88%
Z City in Switzerland Zurich
86%
Y Former State on the balkan Yugoslavia
83%
P Mountain range which Andorra is completely surrounded by Pyrenees
82%
S River that flows through Paris Seine
82%
J Peninsula shared by Denmark and Germany Jutland
80%
V Third biggest Spanish city by population Valencia
78%
T Region in central Italy renowned for its beautiful landscapes and historic cities like Florence and Siena Tuscany
77%
I City at the Bosporus Istanbul
74%
K Russian exclave in between of Poland and Lithuania Kaliningrad
69%
U Mountain Range often referred to separating Europe from Asia Ural Mountains
60%
O River separating Germany and Poland Oder
52%
R Russian city ending with "on Don" Rostov
52%
X city in northeastern Greece Xanthi
28%
N Region in Germany with the biggest population North Rhine Westphalia
25%
F Part of Europe thats not on the European continental plate French Guyana
14%
Q Peninsula located in Brittany, France, known for its rugged coastline Quiberon
5%
No matching quizzes found
Score Distribution
Percent of People with Each Score
Percentile by Number Answered
Your Score History
You have not taken this quiz